Mahsuri Berdarah Putih

Bibliographic Details
Main Author: Ahmad Zaid
Format: Book
Published: Kuala Lumpur : Brainmax Enterprise , 2014
Series:Siri Bacaan Lagenda Gemilang
Subjects:

MARC

LEADER 00000cam a2200000 7i4500
001 0000044820
005 20150119.0
008 150119
020 |a 9673820764 
020 |a 9789673820696 (set) 
020 |a 9789673820764 
090 0 0 |a JF CT   |b MAL 
100 1 |a Ahmad Zaid 
245 1 0 |a Mahsuri Berdarah Putih   |c Ahmad Zaid 
260 |a Kuala Lumpur :   |b Brainmax Enterprise ,   |c 2014 
440 |a Siri Bacaan Lagenda Gemilang 
650 0 |a Children's stories, Malay 
650 0 |a Classic Tales, Malay 
999 |a 0000817862   |b Book   |c Children Collection   |e Cawangan Bandar Penawar 
999 |a 0001288748   |b Book   |c Children Collection   |e Cawangan Muar 
999 |a 0001288749   |b Book   |c Children Collection   |e Cawangan Tangkak 
999 |a 0001288750   |b Book   |c Children Collection   |e Cawangan Bukit Gambir 
999 |a 0001288751   |b Book   |c Children Collection   |e Cawangan Mersing 
999 |a 0001288752   |b Book   |c Children Collection   |e Cawangan Kota Tinggi 
999 |a 0001288753   |b Book   |c Children Collection   |e Cawangan Segamat 
999 |a 0001288754   |b Book   |c Children Collection   |e Cawangan Tmn. Ungku Tun Aminah 
999 |a 0001288755   |b Book   |c Children Collection   |e Cawangan Pontian 
999 |a 0001288757   |b Book   |c Children Collection   |e Cawangan Taman Universiti 
999 |a 0001288759   |b Book   |c Teenagers   |e Cawangan Bandar Tenggara 
999 |a 0001288760   |b Book   |c Children Collection   |e Cawangan Taman Sri Lambak